[Event "Thüringenliga 2025/26"]
[Site "?"]
[Date "2025.11.23"]
[Round "3.5"]
[White "Ignatova, Gabriela"]
[Black "Maiwald, Harald"]
[Result "1/2-1/2"]
[WhiteElo "1691"]
[BlackElo "1994"]
[WhiteFideId "-1"]
[BlackFideId "-1"]
[PlyCount "65"]
[GameId "2250246596382153"]
[EventDate "2025.09.14"]
[EventType "team-tourn"]
[EventRounds "9"]
[SourceTitle "Thueringer Schachbund"]
[Source "ThSB"]
[SourceDate "2025.09.14"]
[SourceVersion "1"]
[SourceVersionDate "2025.09.14"]
[SourceQuality "1"]
[WhiteTeam "Meuselwitzer SV"]
[BlackTeam "TSG Apolda"]

{[%evp 0,65,21,28,51,59,51,38,36,49,59,36,56,72,46,45,42,49,85,74,92,70,55,56,46,43,38,10,54,54,50,43,78,43,48,2,56,16,6,0,-4,-46,-40,-49,-49,-48,-70,-72,-77,-74,-87,-95,-93,-101,-81,-66,-80,-61,-61,-66,-66,-62,0,0,-4,0,0,0]} 1. e4 c5 2. Nc3 Nc6 3. Bb5 Nd4 4. Nf3 Nxb5 5. Nxb5 d5 6. exd5 a6 7. Nc3 Nf6 8. d4 c4 9. Qe2 Nxd5 10. Qxc4 Be6 11. Qd3 Nxc3 12. bxc3 Rc8 13. Bd2 g6 14. Qe3 Bc4 15. Ne5 Qd5 16. f3 Bg7 17. Nxc4 Qxc4 18. Qd3 O-O 19. Qxc4 Rxc4 20. Kf2 e5 21. dxe5 Bxe5 22. Rab1 Bxc3 23. Bxc3 Rxc3 24. Rhc1 Rfc8 25. Rb2 b5 26. Ke2 b4 27. Kd2 Rd8+ 28. Ke2 a5 29. Rb3 Rdc8 30. Kd2 g5 31. a3 Rd8+ 32. Ke2 Re8+ 33. Kd2 1/2-1/2

[Event "Thüringenliga 2025/26"]
[Site "?"]
[Date "2025.11.23"]
[Round "3.6"]
[White "Rohmeiß, Roberto"]
[Black "Schmidt, Jörg"]
[Result "1-0"]
[WhiteElo "1968"]
[BlackElo "1720"]
[WhiteFideId "-1"]
[BlackFideId "-1"]
[PlyCount "31"]
[GameId "2250246596390346"]
[EventDate "2025.09.14"]
[EventType "team-tourn"]
[EventRounds "9"]
[SourceTitle "Thueringer Schachbund"]
[Source "ThSB"]
[SourceDate "2025.09.14"]
[SourceVersion "1"]
[SourceVersionDate "2025.09.14"]
[SourceQuality "1"]
[WhiteTeam "TSG Apolda"]
[BlackTeam "Meuselwitzer SV"]

{[%evp 0,31,22,21,22,22,22,19,17,23,4,-25,11,2,50,51,74,96,92,75,211,49,48,59,129,105,124,211,204,182,193,202,761,750]} 1. d4 Nf6 2. Nf3 d5 3. e3 e6 4. Bd3 c5 5. c3 b6 6. Nbd2 Bd6 7. e4 dxe4 8. Nxe4 Bb7 9. Qa4+ Nc6 10. Nxf6+ gxf6 11. Bh6 Be7 12. O-O-O Qc7 13. d5 exd5 14. Bf5 Rd8 15. Bf4 Bd6 16. Rhe1+ 1-0

[Event "Thüringenliga 2025/26"]
[Site "?"]
[Date "2025.11.23"]
[Round "3.7"]
[White "Schmidt, Jens"]
[Black "Schmidt, Matthias"]
[Result "1/2-1/2"]
[WhiteElo "1713"]
[BlackElo "1932"]
[WhiteFideId "-1"]
[BlackFideId "-1"]
[PlyCount "51"]
[GameId "2250246596636107"]
[EventDate "2025.09.14"]
[EventType "team-tourn"]
[EventRounds "9"]
[SourceTitle "Thueringer Schachbund"]
[Source "ThSB"]
[SourceDate "2025.09.14"]
[SourceVersion "1"]
[SourceVersionDate "2025.09.14"]
[SourceQuality "1"]
[WhiteTeam "Meuselwitzer SV"]
[BlackTeam "TSG Apolda"]

{[%evp 0,51,21,22,29,22,45,8,7,-1,-4,8,27,4,22,31,26,7,45,32,29,11,31,20,71,42,26,24,25,0,0,0,-9,-3,-7,-10,-14,-30,-34,-32,-15,-32,-23,-32,-35,-28,-34,-30,-28,-39,-35,-19,-15,-16]} 1. d4 Nf6 2. Nf3 g6 3. e3 Bg7 4. c4 d6 5. Nc3 Nbd7 6. Be2 e5 7. O-O O-O 8. Qc2 c6 9. b3 Re8 10. dxe5 dxe5 11. Rd1 Qc7 12. Ba3 Bf8 13. Bb2 Nc5 14. e4 Bg4 15. Ne1 Ne6 16. Bxg4 Nxg4 17. Qe2 Nh6 18. Nf3 f6 19. Rd2 Nf4 20. Qf1 Rad8 21. Rad1 Rxd2 22. Rxd2 Rd8 23. Qd1 Rxd2 24. Qxd2 Qd6 25. Qxd6 Bxd6 26. Bc1 1/2-1/2

[Event "Thüringenliga 2025/26"]
[Site "?"]
[Date "2025.11.23"]
[Round "3.8"]
[White "Krug, Klaus-Peter"]
[Black "Große, Frank"]
[Result "1/2-1/2"]
[WhiteElo "1814"]
[BlackElo "1738"]
[WhiteFideId "-1"]
[BlackFideId "-1"]
[PlyCount "110"]
[GameId "2250246596849100"]
[EventDate "2025.09.14"]
[EventType "team-tourn"]
[EventRounds "9"]
[SourceTitle "Thueringer Schachbund"]
[Source "ThSB"]
[SourceDate "2025.09.14"]
[SourceVersion "1"]
[SourceVersionDate "2025.09.14"]
[SourceQuality "1"]
[WhiteTeam "TSG Apolda"]
[BlackTeam "Meuselwitzer SV"]

{[%evp 0,110,22,20,79,62,59,56,90,13,17,24,22,22,12,20,29,33,33,29,37,-21,-8,0,-14,-13,11,-23,9,-12,8,-10,0,-10,-16,-19,-23,-25,-1,-16,5,1,9,-24,2,1,0,-11,9,18,5,5,12,-20,-28,-27,-23,-60,-45,-64,-63,-71,-75,-80,-63,-65,-54,-82,-58,-56,-56,-101,-83,-106,-74,-72,-22,-23,-23,-27,14,23,50,56,29,29,29,10,36,-1,83,82,91,82,90,92,84,81,94,3,0,-126,-110,-93,-120,-77,-21,-26,-21,-26,-21,-25,-29]} 1. Nf3 d6 2. d4 Nd7 3. e4 e5 4. c3 Ngf6 5. Bd3 Be7 6. O-O O-O 7. h3 Re8 8. Qc2 c6 9. Re1 Qc7 10. dxe5 dxe5 11. Nbd2 h6 12. a4 a5 13. b3 Bf8 14. Ba3 Nc5 15. Bf1 b6 16. Re3 Bb7 17. Nh4 g6 18. Nhf3 Nfd7 19. Ne1 Bg7 20. Bc4 Ne6 21. Bxe6 Rxe6 22. Rd1 Ba6 23. c4 Bf8 24. Bxf8 Rxf8 25. Nf1 Bc8 26. Qd2 Nc5 27. Ng3 Kg7 28. Rf3 Ree8 29. Qd6 Qxd6 30. Rxd6 Re6 31. Rd1 f6 32. Kf1 Rf7 33. Ke2 Rd7 34. Rxd7+ Bxd7 35. Kd2 Rd6+ 36. Kc3 Rd4 37. Re3 Kf7 38. Nd3 Nxd3 39. Rxd3 c5 40. Ne2 Rxd3+ 41. Kxd3 f5 42. f3 Kf6 43. Nc3 Kg5 44. Ke3 Bc6 45. Nd5 Kh4 46. Kf2 fxe4 47. fxe4 h5 48. Kf3 g5 49. Nf6 Bb7 50. g4 hxg4+ 51. Nxg4 Bc8 52. Nxe5 Bxh3 53. Ng6+ Kh5 54. Ne5 Kh4 55. Ng6+ Kh5 1/2-1/2

[Event "Thüringenliga 2025/26"]
[Site "?"]
[Date "2025.11.23"]
[Round "3.1"]
[White "Franke, Luca"]
[Black "Brüggemann, Joachim"]
[Result "0-1"]
[WhiteElo "2061"]
[BlackElo "2159"]
[WhiteFideId "-1"]
[BlackFideId "-1"]
[PlyCount "148"]
[GameId "2249876664042647"]
[EventDate "2025.09.14"]
[EventType "team-tourn"]
[EventRounds "9"]
[SourceTitle "Thueringer Schachbund"]
[Source "ThSB"]
[SourceDate "2025.09.14"]
[SourceVersion "1"]
[SourceVersionDate "2025.09.14"]
[SourceQuality "1"]
[WhiteTeam "SV 1861 Liebschwitz"]
[BlackTeam "Erfurter SK 2"]

{[%evp 0,129,29,29,29,10,-4,-11,22,-51,-33,-22,-14,-9,18,6,32,16,14,6,10,14,24,13,2,5,23,17,10,11,19,23,54,51,49,39,31,31,38,29,42,35,38,30,82,40,40,32,73,33,3,11,13,0,8,14,20,14,21,30,18,-13,9,7,13,12,12,12,4,0,19,0,19,0,0,0,1,-76,0,0,0,0,0,0,0,0,0,0,0,0,0,0,0,0,1,0,0,0,0,0,1,0,0,0,0,0,0,0,0,0,0,0,0,-54,-66,-96,-112,-129,-133,-145,-145,-145,-155,-160,-166,-172,-82,-172,-172,-184,-82,-90]} 1. d4 Nf6 2. c4 e6 3. Nc3 Bb4 4. f3 d5 5. e3 O-O 6. a3 Be7 7. cxd5 exd5 8. Bd3 c5 9. Nge2 Nc6 10. O-O Be6 11. Bd2 Rc8 12. Rc1 Qd7 13. Be1 cxd4 14. Nxd4 Nxd4 15. exd4 Bf5 16. Bh4 h6 17. Re1 Bxd3 18. Qxd3 Rc6 19. Re5 Bd8 20. Rce1 Re6 21. R1e2 g5 22. Bf2 Rfe8 23. h4 Bc7 24. Rxe6 Rxe6 25. hxg5 hxg5 26. Qf5 Bf4 27. Qd3 Kg7 28. g3 Rxe2 29. Nxe2 Bc7 30. Kg2 Ng8 31. g4 Ne7 32. Ng3 Bxg3 33. Bxg3 f6 34. Qc3 Nc6 35. Kf2 Qe6 36. Qe3 Qxe3+ 37. Kxe3 Kf7 38. Bd6 Ke6 39. Bf8 Nd8 40. b3 Kd7 41. Bb4 Ne6 42. Be1 Nc7 43. Kd3 b6 44. Bd2 a6 45. Be1 Nb5 46. a4 Na7 47. Bb4 Nc6 48. Bd2 Ke6 49. Kc3 Kf7 50. Kd3 Kg6 51. Be1 f5 52. gxf5+ Kxf5 53. Bg3 g4 54. fxg4+ Kxg4 55. Bd6 Kf3 56. b4 b5 57. axb5 axb5 58. Bc5 Nd8 59. Bd6 Ne6 60. Be5 Nf4+ 61. Kd2 Ke4 62. Bf6 Nd3 63. Kc3 Ke3 64. Bg5+ Ke2 65. Bh6 Nf2 66. Bc1 Kf3 67. Bh6 Ke4 68. Bg7 Nd3 69. Bf6 Nf4 70. Kd2 Ne6 71. Kc3 Ke3 72. Be7 Nf4 73. Bc5 Ne2+ 74. Kc2 Ke4 0-1

[Event "Thüringenliga 2025/26"]
[Site "?"]
[Date "2025.11.23"]
[Round "3.2"]
[White "Kölsch, Maximilian"]
[Black "Zeidler, Andreas"]
[Result "1-0"]
[WhiteElo "2170"]
[BlackElo "2003"]
[WhiteFideId "-1"]
[BlackFideId "-1"]
[PlyCount "77"]
[GameId "2249876664042648"]
[EventDate "2025.09.14"]
[EventType "team-tourn"]
[EventRounds "9"]
[SourceTitle "Thueringer Schachbund"]
[Source "ThSB"]
[SourceDate "2025.09.14"]
[SourceVersion "1"]
[SourceVersionDate "2025.09.14"]
[SourceQuality "1"]
[WhiteTeam "Erfurter SK 2"]
[BlackTeam "SV 1861 Liebschwitz"]

{[%evp 0,63,19,20,29,22,29,-12,-12,-37,14,-8,44,27,28,27,27,24,24,12,31,23,25,27,57,32,38,10,40,-16,55,37,56,51,58,49,62,42,50,54,60,37,68,33,45,25,48,40,51,16,20,25,41,35,50,47,33,44,50,59,55,63,89,88,80,77]} 1. Nf3 d5 2. d4 Nf6 3. c4 e6 4. Qc2 c6 5. Bf4 Bd6 6. Bxd6 Qxd6 7. e3 O-O 8. Nc3 Nbd7 9. cxd5 exd5 10. Bd3 Re8 11. O-O Nf8 12. Rab1 Ng6 13. b4 a6 14. a4 b5 15. Rfc1 Bd7 16. Ne2 Ne4 17. Bxe4 Rxe4 18. Qc5 Qxc5 19. Rxc5 Ree8 20. Ra1 Reb8 21. Nc1 f6 22. Nb3 Ne7 23. axb5 axb5 24. Na5 Kf7 25. Nd2 Ra6 26. Rac1 Rbb6 27. f3 Nf5 28. Kf2 Nd6 29. e4 dxe4 30. Nxe4 Ke6 31. Re1 Nxe4+ 32. fxe4 Kd6 33. Ke3 Rb8 34. Rd1 Be8 35. Kf4 g5+ 36. Ke3 Bf7 37. Rf1 Ke6 38. Rxc6+ Rxc6 39. d5+ 1-0

[Event "Thüringenliga 2025/26"]
[Site "?"]
[Date "2025.11.23"]
[Round "3.3"]
[White "Hermannsdörfer, Frank"]
[Black "Kosev, Momchil"]
[Result "1/2-1/2"]
[WhiteElo "2066"]
[BlackElo "2033"]
[WhiteFideId "-1"]
[BlackFideId "-1"]
[PlyCount "36"]
[GameId "2249969145325062"]
[EventDate "2025.09.14"]
[EventType "team-tourn"]
[EventRounds "9"]
[SourceTitle "Thueringer Schachbund"]
[Source "ThSB"]
[SourceDate "2025.09.14"]
[SourceVersion "1"]
[SourceVersionDate "2025.09.14"]
[SourceQuality "1"]
[WhiteTeam "SV 1861 Liebschwitz"]
[BlackTeam "Erfurter SK 2"]

{[%evp 0,36,19,-20,-17,-16,8,8,19,4,23,7,15,-7,3,-27,8,8,0,5,9,8,9,6,8,3,-14,-21,9,9,16,4,10,8,27,-2,36,7,7]} 1. b3 d5 2. Bb2 c5 3. e3 a6 4. Nf3 Nc6 5. d4 cxd4 6. exd4 Nf6 7. Be2 Bg4 8. O-O e6 9. Nbd2 Bd6 10. Ne5 Bxe2 11. Qxe2 Rc8 12. c3 O-O 13. f4 Nd7 14. Nd3 Re8 15. c4 dxc4 16. bxc4 Bf8 17. Rac1 Nb6 18. Nb3 Nb4 1/2-1/2

[Event "Thüringenliga 2025/26"]
[Site "?"]
[Date "2025.11.23"]
[Round "3.4"]
[White "Seinsoth, Paul"]
[Black "Kastner, Peter"]
[Result "1-0"]
[WhiteElo "2031"]
[BlackElo "1971"]
[WhiteFideId "-1"]
[BlackFideId "-1"]
[PlyCount "127"]
[GameId "2249977989608990"]
[EventDate "2025.09.14"]
[EventType "team-tourn"]
[EventRounds "9"]
[SourceTitle "Thueringer Schachbund"]
[Source "ThSB"]
[SourceDate "2025.09.14"]
[SourceVersion "1"]
[SourceVersionDate "2025.09.14"]
[SourceQuality "1"]
[WhiteTeam "Erfurter SK 2"]
[BlackTeam "SV 1861 Liebschwitz"]

1. e4 e5 2. Nf3 Nc6 3. Bc4 Bc5 4. c3 Nf6 5. d3 d6 6. O-O h6 7. Re1 O-O 8. h3 a6 9. a4 Ba7 10. Bb3 Re8 11. Bc2 d5 12. exd5 Nxd5 13. Nbd2 Bf5 14. Nc4 Qf6 15. Ne3 Nxe3 16. Bxe3 Bxe3 17. Rxe3 Bg6 18. Qe2 Re7 19. b4 Rae8 20. Re1 b5 21. a5 Bh5 22. Bb3 Qd6 23. g4 Bg6 24. Nd2 Kf8 25. Ne4 Bxe4 26. dxe4 Rd7 27. Rd1 Qe7 28. Rf3 Rxd1+ 29. Qxd1 Rd8 30. Qc1 f6 31. g5 hxg5 32. Qxg5 Ke8 33. Qg6+ Kd7 34. Qg4+ Ke8 35. Qh5+ Kd7 36. Qg4+ Ke8 37. Rf5 Qf8 38. Rh5 Ne7 39. Rh7 g6 40. Rf7 Qxf7 41. Bxf7+ Kxf7 42. Qe2 Rd6 43. Qe3 Ke6 44. Kf1 g5 45. Qa7 Kd7 46. Ke1 Rc6 47. Kd2 Nc8 48. Qe3 Nd6 49. Kc2 Nc4 50. Qf3 Rd6 51. Qf5+ Kd8 52. Kc1 Nd2 53. f4 Nc4 54. fxg5 Rd1+ 55. Kxd1 Ne3+ 56. Ke2 Nxf5 57. exf5 fxg5 58. Kf3 Ke7 59. Ke4 Kf6 60. c4 bxc4 61. b5 axb5 62. a6 c3 63. a7 c2 64. a8=Q 1-0

[Event "Thüringenliga 2025/26"]
[Site "?"]
[Date "2025.11.23"]
[Round "3.5"]
[White "Biel, Maik"]
[Black "Krüger, Rainer"]
[Result "1/2-1/2"]
[WhiteElo "1915"]
[BlackElo "2027"]
[WhiteFideId "-1"]
[BlackFideId "-1"]
[PlyCount "37"]
[GameId "2249992801007154"]
[EventDate "2025.09.14"]
[EventType "team-tourn"]
[EventRounds "9"]
[SourceTitle "Thueringer Schachbund"]
[Source "ThSB"]
[SourceDate "2025.09.14"]
[SourceVersion "1"]
[SourceVersionDate "2025.09.14"]
[SourceQuality "1"]
[WhiteTeam "SV 1861 Liebschwitz"]
[BlackTeam "Erfurter SK 2"]

1. d4 Nf6 2. c4 g6 3. Nc3 d5 4. Bg5 Ne4 5. Nxe4 dxe4 6. e3 Bg7 7. Qd2 h6 8. Bh4 c5 9. d5 Qb6 10. Rb1 Nd7 11. Ne2 Ne5 12. Nc3 Bf5 13. Be2 g5 14. Bg3 Qg6 15. Rd1 Rd8 16. f3 h5 17. fxe4 Bxe4 18. Bxe5 Bxe5 19. Bd3 1/2-1/2

[Event "Thüringenliga 2025/26"]
[Site "?"]
[Date "2025.11.23"]
[Round "3.6"]
[White "Zitzelsberger, Philipp"]
[Black "Kitzig, Tobias"]
[Result "1-0"]
[WhiteElo "1936"]
[BlackElo "1850"]
[WhiteFideId "-1"]
[BlackFideId "-1"]
[PlyCount "145"]
[GameId "2250008966739537"]
[EventDate "2025.09.14"]
[EventType "team-tourn"]
[EventRounds "9"]
[SourceTitle "Thueringer Schachbund"]
[Source "ThSB"]
[SourceDate "2025.09.14"]
[SourceVersion "1"]
[SourceVersionDate "2025.09.14"]
[SourceQuality "1"]
[WhiteTeam "Erfurter SK 2"]
[BlackTeam "SV 1861 Liebschwitz"]

1. d4 Nf6 2. c4 e6 3. g3 d5 4. Bg2 Be7 5. Nf3 O-O 6. O-O c5 7. e3 dxc4 8. Qc2 Nc6 9. dxc5 Qa5 10. Na3 Qxc5 11. Qxc4 Qxc4 12. Nxc4 Bd7 13. Bd2 Ne4 14. Rfd1 Nxd2 15. Rxd2 Rfd8 16. Nfe5 Be8 17. Nxc6 Bxc6 18. Bxc6 bxc6 19. Rc2 c5 20. b3 Rd5 21. Rac1 Rad8 22. Na5 R8d7 23. Nc6 Bf8 24. Rc4 Rc7 25. Nb4 Rd6 26. Nc2 Ra6 27. Nb4 Rd6 28. Kg2 Rb7 29. Nc2 Ra6 30. Ra1 g6 31. h4 Be7 32. Rf4 Kg7 33. Rc4 h5 34. Kf3 Bf6 35. Rd1 Rxa2 36. Rxc5 Rb2 37. b4 Be7 38. Rc4 Bxb4 39. Ra1 a5 40. Nd4 Rd2 41. Rb1 Rb6 42. Rc6 Rxc6 43. Nxc6 Rd6 44. Rc1 Rd5 45. Rc4 Bd6 46. Ra4 Bc7 47. Rc4 Bb6 48. Ke2 Rd6 49. Ne5 f6 50. Nd3 g5 51. Nb2 Bd8 52. Ra4 Rb6 53. Nd3 Rb5 54. Rd4 Be7 55. Kd2 Kg6 56. f3 Rd5 57. Rc4 Bd6 58. e4 Rb5 59. f4 gxh4 60. gxh4 Be7 61. Rc7 Kf7 62. Kc2 a4 63. Ra7 a3 64. Kc3 Rb1 65. e5 Rf1 66. Kd4 Rh1 67. exf6 Kxf6 68. Nf2 Rxh4 69. Ne4+ Kf5 70. Rxe7 Rxf4 71. Rf7+ Kg4 72. Rg7+ Kf5 73. Rg5# 1-0

[Event "Thüringenliga 2025/26"]
[Site "?"]
[Date "2025.11.23"]
[Round "3.7"]
[White "Müller, Gunther"]
[Black "Duzy, Stefan"]
[Result "1/2-1/2"]
[WhiteElo "1696"]
[BlackElo "1987"]
[WhiteFideId "-1"]
[BlackFideId "-1"]
[PlyCount "37"]
[GameId "2250033474528877"]
[EventDate "2025.09.14"]
[EventType "team-tourn"]
[EventRounds "9"]
[SourceTitle "Thueringer Schachbund"]
[Source "ThSB"]
[SourceDate "2025.09.14"]
[SourceVersion "1"]
[SourceVersionDate "2025.09.14"]
[SourceQuality "1"]
[WhiteTeam "SV 1861 Liebschwitz"]
[BlackTeam "Erfurter SK 2"]

{[%evp 0,37,25,-10,4,4,4,-13,-7,-7,-4,-16,19,10,23,23,42,42,53,48,54,41,54,48,54,56,51,57,56,52,53,14,20,22,30,31,28,18,20,-24]} 1. c4 e6 2. Nc3 d5 3. cxd5 exd5 4. d4 Nf6 5. Bf4 Be7 6. Nf3 O-O 7. e3 c5 8. dxc5 Bxc5 9. Be2 Nc6 10. O-O Bf5 11. Rc1 Be7 12. Nd4 Bg6 13. Bf3 Nb4 14. Be2 Nc6 15. Ndb5 Rc8 16. Bf3 a6 17. Nd4 Nb4 18. Be2 Ne4 19. Nxe4 1/2-1/2

[Event "Thüringenliga 2025/26"]
[Site "?"]
[Date "2025.11.23"]
[Round "3.8"]
[White "Tran, Anh Duc Kevin"]
[Black "Meissner, Steffen"]
[Result "1/2-1/2"]
[WhiteElo "1852"]
[BlackElo "1790"]
[WhiteFideId "-1"]
[BlackFideId "-1"]
[PlyCount "134"]
[GameId "2250035112916598"]
[EventDate "2025.09.14"]
[EventType "team-tourn"]
[EventRounds "9"]
[SourceTitle "Thueringer Schachbund"]
[Source "ThSB"]
[SourceDate "2025.09.14"]
[SourceVersion "1"]
[SourceVersionDate "2025.09.14"]
[SourceQuality "1"]
[WhiteTeam "Erfurter SK 2"]
[BlackTeam "SV 1861 Liebschwitz"]

1. e4 c5 2. Nf3 Nc6 3. d4 cxd4 4. Nxd4 Nf6 5. Nc3 e5 6. Ndb5 d6 7. Bg5 a6 8. Na3 b5 9. Nd5 Be7 10. Bxf6 Bxf6 11. c3 O-O 12. Nc2 Bg5 13. Be2 f5 14. exf5 Bxf5 15. O-O Kh8 16. a4 bxa4 17. Rxa4 a5 18. Nce3 Be6 19. Bf3 Rb8 20. Nc4 Rb5 21. Be4 Bxd5 22. Bxd5 Ne7 23. Bf3 e4 24. Nxd6 Rd5 25. Rd4 Qxd6 26. Bxe4 Rxd4 27. cxd4 Bf6 28. Qh5 g6 29. Qxa5 Qxd4 30. Bf3 Qxb2 31. h3 Nf5 32. Qc5 Bg7 33. Qc4 Nd4 34. Bd1 Qd2 35. Qa4 Ne2+ 36. Bxe2 Qxe2 37. Qa7 Qd2 38. Qe7 Qd8 39. Qe2 Qh4 40. Rd1 Bd4 41. Rf1 Qf4 42. Qc2 Be5 43. g3 Qf3 44. Rd1 Bxg3 45. fxg3 Qxg3+ 46. Qg2 Qe3+ 47. Kh1 Rf3 48. Qb2+ Qc3 49. Qxc3+ Rxc3 50. Kg2 Kg7 51. Rd2 Kh6 52. Rb2 Kh5 53. Rb7 h6 54. Rb4 Re3 55. Rc4 Kg5 56. Rb4 Kf5 57. Rc4 g5 58. Rb4 h5 59. Ra4 Re4 60. Ra3 Kf4 61. Rf3+ Ke5 62. Ra3 Rd4 63. Kf3 Rf4+ 64. Kg3 h4+ 65. Kg2 Rb4 66. Kf3 Rf4+ 67. Kg2 Rb4 1/2-1/2

[Event "Landesklasse Ost 2025/26"]
[Site "?"]
[Date "2025.11.23"]
[Round "3.1"]
[White "Buring, Matthias"]
[Black "Koksch, Robert"]
[Result "1/2-1/2"]
[WhiteElo "2007"]
[BlackElo "1886"]
[WhiteFideId "-1"]
[BlackFideId "-1"]
[PlyCount "34"]
[GameId "551545134133"]
[EventDate "2025.09.14"]
[EventType "team-tourn"]
[EventRounds "9"]
[SourceTitle "Thueringer Schachbund"]
[Source "ThSB"]
[SourceDate "2025.09.14"]
[SourceVersion "1"]
[SourceVersionDate "2025.09.14"]
[SourceQuality "1"]
[WhiteTeam "SG Arnstadt-Stadtilm"]
[BlackTeam "ESV Lok Sömmerda"]

1. e4 c6 2. c4 d5 3. cxd5 cxd5 4. e5 Bf5 5. d4 e6 6. a3 Nc6 7. Nf3 h6 8. Be2 Nge7 9. O-O Ng6 10. b4 Be7 11. g3 Bg5 12. Nc3 Bxc1 13. Rxc1 h5 14. h4 f6 15. Re1 fxe5 16. dxe5 O-O 17. Nd4 Ncxe5 1/2-1/2

[Event "Landesklasse Ost 2025/26"]
[Site "?"]
[Date "2025.11.23"]
[Round "3.2"]
[White "Kalisch, Michael"]
[Black "Kaiser, Markus"]
[Result "1-0"]
[WhiteElo "2085"]
[BlackElo "1951"]
[WhiteFideId "-1"]
[BlackFideId "-1"]
[PlyCount "73"]
[GameId "551545786338"]
[EventDate "2025.09.14"]
[EventType "team-tourn"]
[EventRounds "9"]
[SourceTitle "Thueringer Schachbund"]
[Source "ThSB"]
[SourceDate "2025.09.14"]
[SourceVersion "1"]
[SourceVersionDate "2025.09.14"]
[SourceQuality "1"]
[WhiteTeam "ESV Lok Sömmerda"]
[BlackTeam "SG Arnstadt-Stadtilm"]

1. d4 Nf6 2. Bf4 d5 3. e3 Bf5 4. c4 c6 5. Nc3 dxc4 6. Bxc4 e6 7. Qe2 Bb4 8. Rc1 Bg6 9. a3 Ba5 10. Nf3 Nd5 11. Bxd5 Bxc3+ 12. Rxc3 exd5 13. Bxb8 Rxb8 14. Ne5 Bf5 15. O-O O-O 16. b4 f6 17. Nd3 Bxd3 18. Qxd3 Rf7 19. b5 Rc7 20. Rfc1 Rbc8 21. Qc2 Qd6 22. h4 g6 23. a4 Kf8 24. Rc5 Ke8 25. a5 Kd8 26. a6 b6 27. Rxc6 Rxc6 28. bxc6 Rc7 29. e4 dxe4 30. Qxe4 Re7 31. Qd3 Qf4 32. Rd1 f5 33. d5 Qd6 34. Qd4 Re5 35. g3 Qf6 36. Kf1 Qd6 37. Kg2 1-0

[Event "Landesklasse Ost 2025/26"]
[Site "?"]
[Date "2025.11.23"]
[Round "3.3"]
[White "Sauer, Marko"]
[Black "Kühn, Martin"]
[Result "1-0"]
[WhiteElo "1985"]
[BlackElo "2025"]
[WhiteFideId "-1"]
[BlackFideId "-1"]
[PlyCount "69"]
[GameId "551568674403"]
[EventDate "2025.09.14"]
[EventType "team-tourn"]
[EventRounds "9"]
[SourceTitle "Thueringer Schachbund"]
[Source "ThSB"]
[SourceDate "2025.09.14"]
[SourceVersion "1"]
[SourceVersionDate "2025.09.14"]
[SourceQuality "1"]
[WhiteTeam "SG Arnstadt-Stadtilm"]
[BlackTeam "ESV Lok Sömmerda"]

1. e4 e6 2. d4 d5 3. Nd2 Be7 4. c3 c5 5. Ngf3 Nf6 6. e5 Nfd7 7. Bd3 Nc6 8. O-O g5 9. Bb5 cxd4 10. cxd4 g4 11. Bxc6 bxc6 12. Ne1 Ba6 13. Qxg4 Qb6 14. Qg7 O-O-O 15. Qxf7 Bb4 16. Nef3 Bxf1 17. Nxf1 c5 18. Be3 Rdf8 19. Qh5 Rf5 20. Qh6 c4 21. Ng5 Rg8 22. h4 Nf8 23. Ng3 Rg6 24. Qh5 h6 25. Nxf5 hxg5 26. Ng3 gxh4 27. Qxh4 Qb7 28. Qh5 Qg7 29. b3 c3 30. a3 Ba5 31. Rc1 Kb7 32. b4 Bd8 33. Qe2 Bh4 34. Qb5+ Ka8 35. Rxc3 1-0

[Event "Landesklasse Ost 2025/26"]
[Site "?"]
[Date "2025.11.23"]
[Round "3.4"]
[White "Bachmann, Nick"]
[Black "Heß, Jürgen"]
[Result "0-1"]
[WhiteElo "1849"]
[BlackElo "1885"]
[WhiteFideId "-1"]
[BlackFideId "-1"]
[PlyCount "70"]
[GameId "551583006138"]
[EventDate "2025.09.14"]
[EventType "team-tourn"]
[EventRounds "9"]
[SourceTitle "Thueringer Schachbund"]
[Source "ThSB"]
[SourceDate "2025.09.14"]
[SourceVersion "1"]
[SourceVersionDate "2025.09.14"]
[SourceQuality "1"]
[WhiteTeam "ESV Lok Sömmerda"]
[BlackTeam "SG Arnstadt-Stadtilm"]

1. a3 Nf6 2. c4 c5 3. g3 Nc6 4. Bg2 e6 5. Nc3 d5 6. cxd5 exd5 7. d3 Be7 8. Bg5 O-O 9. Nf3 h6 10. Bxf6 Bxf6 11. O-O Be6 12. Qc2 Rc8 13. Rfe1 a6 14. Qa4 Qa5 15. Qxa5 Nxa5 16. Nd2 Rfd8 17. Rac1 c4 18. dxc4 dxc4 19. Nde4 Be7 20. Rcd1 f5 21. Nd2 Bf6 22. e4 Bxc3 23. bxc3 Rd3 24. exf5 Bxf5 25. Be4 Bxe4 26. Nxe4 Rcd8 27. Rxd3 Rxd3 28. h4 Nb3 29. Re3 Rxe3 30. fxe3 b5 31. Kf2 Kf7 32. Ke2 Ke6 33. Kd1 Ke5 34. Nf2 Nc5 35. Kc2 Ne4 0-1

[Event "Landesklasse Ost 2025/26"]
[Site "?"]
[Date "2025.11.23"]
[Round "3.5"]
[White "Grkinic, Goran"]
[Black "Siegemund, Joachim"]
[Result "1-0"]
[WhiteElo "1889"]
[BlackElo "1908"]
[WhiteFideId "-1"]
[BlackFideId "-1"]
[PlyCount "121"]
[GameId "551670958259"]
[EventDate "2025.09.14"]
[EventType "team-tourn"]
[EventRounds "9"]
[SourceTitle "Thueringer Schachbund"]
[Source "ThSB"]
[SourceDate "2025.09.14"]
[SourceVersion "1"]
[SourceVersionDate "2025.09.14"]
[SourceQuality "1"]
[WhiteTeam "SG Arnstadt-Stadtilm"]
[BlackTeam "ESV Lok Sömmerda"]

1. c4 Nf6 2. Nf3 c6 3. Nc3 d5 4. cxd5 cxd5 5. d4 Nc6 6. Bf4 Bg4 7. e3 e6 8. Be2 Bd6 9. Bg5 O-O 10. O-O h6 11. Bh4 g5 12. Bg3 Bxg3 13. fxg3 Ne4 14. Nxe4 dxe4 15. Nd2 Bxe2 16. Qxe2 f5 17. Qc4 Qd5 18. Rac1 Rad8 19. b4 Qxc4 20. Rxc4 e5 21. b5 Na5 22. Ra4 b6 23. Nc4 Nxc4 24. Rxc4 exd4 25. exd4 Rd5 26. a4 Rfd8 27. Rd1 Kg7 28. Kf2 f4 29. g4 Kf6 30. Ke2 Kg6 31. Rd2 h5 32. Rc6+ R8d6 33. h3 hxg4 34. hxg4 Kf6 35. Rc4 Ke6 36. Kd1 Rd8 37. Kc2 R5d7 38. Rc6+ Kd5 39. Kc3 Rd6 40. Rc7 R8d7 41. Rc8 Re6 42. Rd1 Rh6 43. Rf8 Rc7+ 44. Kb3 Rg6 45. Rf5+ Kd6 46. Re5 e3 47. Rh1 Re7 48. Rxe7 Kxe7 49. Kc4 Kd6 50. Kd3 Kd5 51. Rh7 Kd6 52. Rxa7 Rh6 53. a5 Rh2 54. axb6 Rxg2 55. Re7 Rb2 56. Re5 e2 57. Rxe2 Rxb5 58. Re5 Rxb6 59. Rxg5 Rb3+ 60. Ke4 Rb4 61. Rf5 1-0